000 00789nam a2200253 i 4500
001 102464
003 ES-MaACL
005 20250816062535.0
007 t|
008 051111s1974 sp |||| | spa d
080 _a39(091)
100 1 _aMercier, Paul.
_980466
245 1 0 _aHistoria de la antropología /
_cPaul Mercier; [traducción de Agustina Fort y Carme Huera].
250 _a2ª ed.
260 _aBarcelona :
_bPenínsula,
_c1974.
300 _a234 p. ;
_c20 cm.
490 1 _aHistoria, ciencia, sociedad
650 4 _aAntropología cultural y social-
_vHistoria.
_99877
700 1 _aFort, Agustina.
_951832
700 1 _aHuera, Carmen.
_964542
830 0 0 _aHistoria, ciencia, sociedad (Península)
_9177444
852 _aES-MaACL
_jE-8008
999 _c102464
_d102464